Statistics for Montana State Quiz

Click here to take the quiz!

General Stats

  • This quiz has been taken 114 times
  • The average score is 9 of 16

Answer Stats

HintAnswer% Correct
CapitalHelena
95%
Largest CityBillings
92%
Large national parkGlacier National Park
85%
Second largest cityMissoula
82%
Fourth largest cityBozeman
73%
Fifth largest cityButte
73%
Third largest cityGreat Falls
71%
Above is on what river?Yellowstone River
71%
Above is on what riverMissouri River
64%
Above is Northeast of what mountainsBitterroot Mountains
41%
Highest PointGranite Peak
37%
Largest lakeFort Peck Lake
30%
Above is in what mountain range?Beartooth Mountains
29%
Above is Southwest of what mountains?Big Belt Mountains
12%
Lowest pointKootenai River
10%
Above is in what mountain rangeLewis Range
10%

Score Distribution

Percentile by Number Answered

Percent of People with Each Score

Your Score History

You have not taken this quiz